[Event "U12 Polish Youth Championship"]
[Site "chess24.com"]
[Date "2018.05.05"]
[Round "9"]
[White "Serewa, Antoni"]
[Black "Nowicki, Filip"]
[Result "1/2-1/2"]
[Board "16"]
[WhiteElo "1392"]
[WhiteCountry "POL"]
[WhiteFideId "21837198"]
[WhiteEloChange "3"]
[BlackElo "1511"]
[BlackCountry "POL"]
[BlackFideId "21835993"]
[BlackEloChange "-3"]

1. Nf3 {[%clk 1:30:30]} d5 {[%clk 1:30:54]} 2. d4 {[%clk 1:30:02]} e6 {[%clk
1:30:32]} 3. e3 {[%clk 1:30:00]} c5 {[%clk 1:29:55]} 4. dxc5 {[%clk 1:28:00]}
Bxc5 {[%clk 1:30:09]} 5. c4 {[%clk 1:28:00]} Nf6 {[%clk 1:24:38]} 6. Be2 {[%clk
1:27:22]} O-O {[%clk 1:23:49]} 7. cxd5 {[%clk 1:25:36]} Nxd5 {[%clk 1:22:34]} 8.
a3 {[%clk 1:25:45]} Qa5+ {[%clk 1:12:51]} 9. Bd2 {[%clk 1:15:50]} Bb4 {[%clk
1:10:43]} 10. O-O {[%clk 1:11:08]} Rd8 {[%clk 1:04:56]} 11. Nd4 {[%clk 1:02:43]}
Bxd2 {[%clk 1:03:40]} 12. Nxd2 {[%clk 1:00:24]} Nb6 {[%clk 0:50:14]} 13. Qc2
{[%clk 0:51:21]} Bd7 {[%clk 0:45:01]} 14. N2b3 {[%clk 0:45:58]} Qe5 {[%clk
0:41:48]} 15. Rac1 {[%clk 0:40:02]} Nc6 {[%clk 0:38:22]} 16. Rfd1 {[%clk
0:36:46]} Rac8 {[%clk 0:35:21]} 17. Qb1 {[%clk 0:35:55]} f5 {[%clk 0:31:14]} 18.
Bf3 {[%clk 0:30:21]} Nxd4 {[%clk 0:26:36]} 19. exd4 {[%clk 0:29:21]} Qb8 {[%clk
0:23:53]} 20. Nc5 {[%clk 0:27:07]} Rc7 {[%clk 0:23:35]} 21. Rc3 {[%clk 0:24:58]}
Na4 {[%clk 0:23:22]} 22. Nxa4 {[%clk 0:24:44]} Bxa4 {[%clk 0:23:46]} 23. Rdc1
{[%clk 0:17:27]} Rdc8 {[%clk 0:20:35]} 24. h3 {[%clk 0:16:47]} Rxc3 {[%clk
0:18:55]} 25. Rxc3 {[%clk 0:16:56]} b6 {[%clk 0:18:03]} 26. Qc1 {[%clk 0:16:00]}
Rxc3 {[%clk 0:16:36]} 27. Qxc3 {[%clk 0:16:24]} Qd6 {[%clk 0:16:12]} 28. Qc8+
{[%clk 0:13:51]} Kf7 {[%clk 0:16:31]} 29. Qc3 {[%clk 0:13:49]} Bd7 {[%clk
0:14:17]} 30. Qc4 {[%clk 0:13:19]} Ke7 {[%clk 0:13:03]} 31. Qc3 {[%clk 0:11:07]}
1/2-1/2

[Event "U12 Polish Youth Championship"]
[Site "chess24.com"]
[Date "2018.05.05"]
[Round "9"]
[White "Taranowicz, Michal"]
[Black "Kolodziejski, Piotr"]
[Result "1/2-1/2"]
[Board "17"]
[WhiteElo "1487"]
[WhiteCountry "POL"]
[WhiteFideId "21859191"]
[WhiteEloChange "-2"]
[BlackElo "1418"]
[BlackCountry "POL"]
[BlackFideId "21840962"]
[BlackEloChange "2"]

1. e4 {[%clk 1:30:57]} c5 {[%clk 1:31:23]} 2. Nf3 {[%clk 1:30:57]} e6 {[%clk
1:31:23]} 3. d4 {[%clk 1:31:12]} cxd4 {[%clk 1:31:44]} 4. Nxd4 {[%clk 1:31:40]}
Nc6 {[%clk 1:32:03]} 5. Be3 {[%clk 1:31:56]} Qc7 {[%clk 1:32:00]} 6. Be2 {[%clk
1:32:09]} Nf6 {[%clk 1:32:16]} 7. Nc3 {[%clk 1:32:31]} a6 {[%clk 1:32:37]} 8. O-O
{[%clk 1:32:46]} Be7 {[%clk 1:32:51]} 9. f4 {[%clk 1:32:20]} d6 {[%clk 1:31:00]}
10. Bf3 {[%clk 1:30:18]} Bd7 {[%clk 1:28:13]} 11. Qe1 {[%clk 1:26:36]} Nxd4
{[%clk 1:22:03]} 12. Bxd4 {[%clk 1:26:49]} e5 {[%clk 1:22:15]} 13. fxe5 {[%clk
1:26:10]} dxe5 {[%clk 1:22:29]} 14. Qg3 {[%clk 1:24:35]} O-O {[%clk 1:21:22]} 15.
Bxe5 {[%clk 1:24:21]} Qb6+ {[%clk 1:19:04]} 16. Kh1 {[%clk 1:24:36]} Be6 {[%clk
1:15:55]} 17. Nd5 {[%clk 1:21:35]} Bxd5 {[%clk 1:16:12]} 18. exd5 {[%clk
1:22:00]} Ne8 {[%clk 1:12:31]} 19. b3 {[%clk 1:14:27]} Bf6 {[%clk 1:10:53]} 20.
Rac1 {[%clk 1:11:20]} Bxe5 {[%clk 1:10:17]} 21. Qxe5 {[%clk 1:11:39]} Nf6 {[%clk
1:10:41]} 22. c4 {[%clk 1:10:49]} Rfe8 {[%clk 1:07:29]} 23. Qf4 {[%clk 1:09:45]}
Qc5 {[%clk 1:05:32]} 24. Rfe1 {[%clk 1:08:55]} Rxe1+ {[%clk 0:56:28]} 25. Rxe1
{[%clk 1:08:53]} Qf2 {[%clk 0:56:51]} 26. Qe3 {[%clk 1:06:38]} Qxa2 {[%clk
0:55:48]} 27. d6 {[%clk 1:06:27]} h6 {[%clk 0:52:35]} 28. h3 {[%clk 1:04:11]} Rb8
{[%clk 0:50:06]} 29. Qb6 {[%clk 0:53:04]} Qa3 {[%clk 0:35:37]} 30. c5 {[%clk
0:49:09]} Re8 {[%clk 0:33:27]} 31. Rxe8+ {[%clk 0:48:55]} Nxe8 {[%clk 0:33:52]}
32. Bxb7 {[%clk 0:47:04]} Qa1+ {[%clk 0:33:17]} 33. Kh2 {[%clk 0:47:27]} Qe5+
{[%clk 0:33:32]} 34. g3 {[%clk 0:47:52]} Nf6 {[%clk 0:33:31]} 35. Qxa6 {[%clk
0:37:32]} Qxc5 {[%clk 0:29:44]} 36. Bg2 {[%clk 0:35:10]} g6 {[%clk 0:27:08]} 37.
Qa8+ {[%clk 0:32:36]} Kg7 {[%clk 0:27:16]} 38. Qb8 {[%clk 0:32:29]} Qe5 {[%clk
0:25:07]} 39. Qb6 {[%clk 0:20:34]} h5 {[%clk 0:21:52]} 40. Qb4 {[%clk 0:18:38]}
g5 {[%clk 0:19:23]} 41. Qd2 {[%clk 0:16:28]} Nd7 {[%clk 0:17:46]} 42. b4 {[%clk
0:15:27]} h4 {[%clk 0:17:40]} 43. Qd3 {[%clk 0:15:31]} Kf6 {[%clk 0:14:04]} 44.
Be4 {[%clk 0:12:22]} hxg3+ {[%clk 0:12:03]} 45. Kg2 {[%clk 0:12:39]} Qb2+ {[%clk
0:12:06]} 46. Kxg3 {[%clk 0:12:54]} Qxb4 {[%clk 0:11:33]} 47. Qf3+ {[%clk
0:12:39]} Kg7 {[%clk 0:11:32]} 48. Qd3 {[%clk 0:11:58]} Ne5 {[%clk 0:11:07]} 49.
Qd5 {[%clk 0:11:40]} Qe1+ {[%clk 0:09:59]} 50. Kg2 {[%clk 0:10:23]} Qe2+ {[%clk
0:10:05]} 51. Kg1 {[%clk 0:10:25]} Qe1+ {[%clk 0:10:16]} 52. Kh2 {[%clk 0:10:26]}
Qf2+ {[%clk 0:10:24]} 53. Bg2 {[%clk 0:09:46]} Qf4+ {[%clk 0:10:45]} 54. Kg1
{[%clk 0:09:53]} Qe3+ {[%clk 0:10:34]} 55. Kh1 {[%clk 0:08:52]} Qf4 {[%clk
0:10:20]} 1/2-1/2

[Event "U12 Polish Youth Championship"]
[Site "chess24.com"]
[Date "2018.05.05"]
[Round "9"]
[White "Kejna, Piotr"]
[Black "Wawrzyniak, Karol"]
[Result "1-0"]
[Board "18"]
[WhiteElo "1483"]
[WhiteTitle "CM"]
[WhiteCountry "POL"]
[WhiteFideId "21821704"]
[WhiteEloChange "4"]
[BlackElo "1224"]
[BlackCountry "POL"]
[BlackFideId "21817588"]
[BlackEloChange "-4"]

1. e4 {[%clk 1:30:58]} e6 {[%clk 1:30:54]} 2. d4 {[%clk 1:31:24]} d5 {[%clk
1:31:06]} 3. Bd3 {[%clk 1:31:44]} Nf6 {[%clk 1:29:42]} 4. e5 {[%clk 1:24:09]}
Nfd7 {[%clk 1:29:59]} 5. Nf3 {[%clk 1:23:42]} c5 {[%clk 1:28:41]} 6. c3 {[%clk
1:23:27]} Nc6 {[%clk 1:28:31]} 7. a3 {[%clk 1:22:19]} a5 {[%clk 1:27:52]} 8. O-O
{[%clk 1:18:47]} a4 {[%clk 1:26:49]} 9. Qc2 {[%clk 1:09:19]} c4 {[%clk 1:24:29]}
10. Bxh7 {[%clk 1:03:51]} Be7 {[%clk 1:24:32]} 11. Bg6 {[%clk 1:02:25]} Nf8
{[%clk 1:24:16]} 12. Be4 {[%clk 0:53:43]} dxe4 {[%clk 1:24:23]} 13. Nfd2 {[%clk
0:53:20]} b5 {[%clk 1:23:38]} 14. Nxe4 {[%clk 0:52:34]} Bb7 {[%clk 1:23:14]} 15.
Be3 {[%clk 0:48:41]} Qc7 {[%clk 1:21:11]} 16. f4 {[%clk 0:45:37]} g6 {[%clk
1:17:49]} 17. Nbd2 {[%clk 0:43:15]} Nd7 {[%clk 1:16:06]} 18. Qd1 {[%clk 0:33:07]}
Nb6 {[%clk 1:14:00]} 19. Qf3 {[%clk 0:28:00]} Nd5 {[%clk 1:11:22]} 20. Bf2 {[%clk
0:25:10]} O-O-O {[%clk 1:10:02]} 21. g3 {[%clk 0:22:16]} Rh6 {[%clk 1:07:50]} 22.
Qe2 {[%clk 0:17:32]} Rdh8 {[%clk 1:05:13]} 23. h4 {[%clk 0:16:44]} Qd8 {[%clk
1:02:33]} 24. Ng5 {[%clk 0:10:43]} Bxg5 {[%clk 1:02:01]} 25. fxg5 {[%clk
0:09:29]} R6h7 {[%clk 1:02:12]} 26. Ne4 {[%clk 0:09:37]} Nce7 {[%clk 1:00:02]}
27. Nd6+ {[%clk 0:09:45]} Kb8 {[%clk 0:59:41]} 28. Nxb5 {[%clk 0:09:47]} Nb6
{[%clk 0:58:37]} 29. Nd6 {[%clk 0:06:58]} Qc7 {[%clk 0:58:07]} 30. Be1 {[%clk
0:03:06]} Nec8 {[%clk 0:55:53]} 31. Nxb7 {[%clk 0:01:54]} Qxb7 {[%clk 0:55:58]}
32. Rf3 {[%clk 0:01:16]} Ne7 {[%clk 0:54:54]} 33. Bf2 {[%clk 0:01:12]} Nf5 {[%clk
0:54:52]} 34. Rf1 {[%clk 0:01:09]} Ne7 {[%clk 0:51:29]} 35. g4 {[%clk 0:01:00]}
Ned5 {[%clk 0:51:24]} 36. Bg3 {[%clk 0:01:02]} Rc8 {[%clk 0:50:34]} 37. R1f2
{[%clk 0:01:09]} Ka8 {[%clk 0:49:58]} 38. Qf1 {[%clk 0:01:15]} Rc7 {[%clk
0:49:53]} 39. Rh2 {[%clk 0:01:27]} Nc8 {[%clk 0:48:13]} 40. h5 {[%clk 0:01:04]}
Ka7 {[%clk 0:46:30]} 41. hxg6 {[%clk 0:01:00]} fxg6 {[%clk 0:46:49]} 42. Rxh7
{[%clk 0:01:08]} Rxh7 {[%clk 0:46:55]} 43. Qxc4 {[%clk 0:01:16]} Ndb6 {[%clk
0:45:29]} 44. Qf1 {[%clk 0:01:18]} Nc4 {[%clk 0:43:49]} 45. d5 {[%clk 0:00:39]}
Nd2 {[%clk 0:43:48]} 46. Qf2+ {[%clk 0:00:44]} Qb6 {[%clk 0:43:40]} 47. Rf4
{[%clk 0:00:53]} Qxf2+ {[%clk 0:43:29]} 48. Bxf2+ {[%clk 0:01:15]} Kb7 {[%clk
0:42:50]} 49. Rb4+ {[%clk 0:01:22]} Kc7 {[%clk 0:42:56]} 50. d6+ {[%clk 0:00:52]}
Kc6 {[%clk 0:42:58]} 51. Rxa4 {[%clk 0:00:56]} Nf3+ {[%clk 0:43:01]} 52. Kg2
{[%clk 0:01:20]} Nxe5 {[%clk 0:42:56]} 53. Bg3 {[%clk 0:00:58]} Nd3 {[%clk
0:42:47]} 54. Rc4+ {[%clk 0:01:07]} Kb7 {[%clk 0:42:32]} 55. Rd4 {[%clk 0:01:24]}
Nc5 {[%clk 0:42:25]} 56. b4 {[%clk 0:01:22]} Nd7 {[%clk 0:42:26]} 57. a4 {[%clk
0:01:03]} e5 {[%clk 0:42:15]} 58. Rd1 {[%clk 0:01:10]} Kc6 {[%clk 0:42:19]} 59.
c4 {[%clk 0:00:57]} Nxd6 {[%clk 0:41:54]} 60. c5 {[%clk 0:00:53]} Ne4 {[%clk
0:41:40]} 61. Rc1 {[%clk 0:00:54]} Kd5 {[%clk 0:41:26]} 62. c6 {[%clk 0:00:58]}
Nb6 {[%clk 0:41:30]} 63. a5 {[%clk 0:00:46]} Nc8 {[%clk 0:41:43]} 64. b5 {[%clk
0:01:04]} Na7 {[%clk 0:41:40]} 65. c7 {[%clk 0:01:10]} Nd6 {[%clk 0:40:09]} 66.
b6 {[%clk 0:01:14]} Nac8 {[%clk 0:40:31]} 67. Bf2 {[%clk 0:01:11]} Rf7 {[%clk
0:39:46]} 68. a6 {[%clk 0:00:59]} Rxf2+ {[%clk 0:39:39]} 69. Kxf2 {[%clk
0:01:18]} Nxb6 {[%clk 0:40:08]} 70. a7 {[%clk 0:01:22]} Ndc8 {[%clk 0:40:06]} 71.
Rb1 {[%clk 0:01:26]} Kc6 {[%clk 0:38:43]} 72. Rxb6+ {[%clk 0:01:30]} Nxb6 {[%clk
0:39:08]} 73. c8Q+ {[%clk 0:01:47]} Nxc8 {[%clk 0:39:29]} 74. a8Q+ {[%clk
0:02:09]} 1-0

[Event "U12 Polish Youth Championship"]
[Site "chess24.com"]
[Date "2018.05.05"]
[Round "9"]
[White "Blazniak, Bartlomiej"]
[Black "Demski, Michal"]
[Result "0-1"]
[Board "19"]
[WhiteElo "1385"]
[WhiteCountry "POL"]
[WhiteFideId "21835640"]
[WhiteEloChange "-6"]
[BlackElo "1538"]
[BlackCountry "POL"]
[BlackFideId "21835780"]
[BlackEloChange "6"]

1. d4 {[%clk 1:30:58]} d5 {[%clk 1:30:48]} 2. c4 {[%clk 1:31:19]} c6 {[%clk
1:30:46]} 3. Nc3 {[%clk 1:31:32]} Nf6 {[%clk 1:30:23]} 4. Bg5 {[%clk 1:30:52]}
Qb6 {[%clk 1:23:37]} 5. Qd2 {[%clk 1:15:34]} Nbd7 {[%clk 1:16:11]} 6. e3 {[%clk
1:13:24]} e6 {[%clk 1:15:16]} 7. a3 {[%clk 1:05:06]} dxc4 {[%clk 1:13:15]} 8.
Bxc4 {[%clk 1:02:21]} h6 {[%clk 1:10:30]} 9. Bxf6 {[%clk 0:59:43]} Nxf6 {[%clk
1:10:32]} 10. Nf3 {[%clk 0:59:52]} Be7 {[%clk 1:10:11]} 11. O-O {[%clk 0:59:05]}
O-O {[%clk 1:09:40]} 12. Rfc1 {[%clk 0:58:15]} Bd7 {[%clk 1:00:45]} 13. h3 {[%clk
0:52:22]} Rac8 {[%clk 0:55:21]} 14. b4 {[%clk 0:49:28]} a5 {[%clk 0:50:06]} 15.
bxa5 {[%clk 0:43:22]} Qxa5 {[%clk 0:49:26]} 16. Nd5 {[%clk 0:42:53]} Qd8 {[%clk
0:48:40]} 17. Nxe7+ {[%clk 0:42:28]} Qxe7 {[%clk 0:49:01]} 18. Qb4 {[%clk
0:41:09]} Qxb4 {[%clk 0:42:42]} 19. axb4 {[%clk 0:41:01]} Ra8 {[%clk 0:42:23]}
20. Ne5 {[%clk 0:39:52]} Rfd8 {[%clk 0:40:52]} 21. Kf1 {[%clk 0:33:02]} Kf8
{[%clk 0:38:05]} 22. Ke2 {[%clk 0:29:10]} Ke8 {[%clk 0:37:56]} 23. Rcb1 {[%clk
0:27:14]} Nd5 {[%clk 0:37:38]} 24. Bxd5 {[%clk 0:26:01]} cxd5 {[%clk 0:37:51]}
25. Nxd7 {[%clk 0:26:17]} Kxd7 {[%clk 0:38:14]} 26. Rc1 {[%clk 0:25:36]} Rdc8
{[%clk 0:38:10]} 27. Kd3 {[%clk 0:17:55]} Rxc1 {[%clk 0:37:44]} 28. Rxa8 {[%clk
0:13:09]} Rc4 {[%clk 0:37:43]} 29. b5 {[%clk 0:07:24]} Rb4 {[%clk 0:37:28]} 30.
Rh8 {[%clk 0:07:09]} Ke7 {[%clk 0:37:03]} 31. Kc2 {[%clk 0:06:01]} Rxb5 {[%clk
0:37:09]} 32. g4 {[%clk 0:05:34]} Rb6 {[%clk 0:36:21]} 33. f4 {[%clk 0:05:09]}
Rc6+ {[%clk 0:36:40]} 34. Kb2 {[%clk 0:05:08]} Rd6 {[%clk 0:35:31]} 35. h4 {[%clk
0:04:07]} Rd8 {[%clk 0:34:28]} 36. Rxd8 {[%clk 0:04:13]} Kxd8 {[%clk 0:34:54]}
37. Kb3 {[%clk 0:04:39]} Kc7 {[%clk 0:34:10]} 38. Ka4 {[%clk 0:04:41]} Kb6 {[%clk
0:33:18]} 39. Kb4 {[%clk 0:05:06]} Kc6 {[%clk 0:31:24]} 40. h5 {[%clk 0:05:05]}
g6 {[%clk 0:28:43]} 41. Kc3 {[%clk 0:05:14]} gxh5 {[%clk 0:28:38]} 42. gxh5
{[%clk 0:05:29]} Kb5 {[%clk 0:28:59]} 43. Kb3 {[%clk 0:05:48]} f5 {[%clk
0:29:14]} 0-1

[Event "U12 Polish Youth Championship"]
[Site "chess24.com"]
[Date "2018.05.05"]
[Round "9"]
[White "Czernecki, Andrzej"]
[Black "Doskocz, Karol"]
[Result "1-0"]
[Board "20"]
[WhiteElo "1418"]
[WhiteCountry "POL"]
[WhiteFideId "21810117"]
[WhiteEloChange "11"]
[BlackElo "1467"]
[BlackCountry "POL"]
[BlackFideId "21835802"]
[BlackEloChange "-11"]

1. Nf3 {[%clk 1:30:58]} d5 {[%clk 1:30:00]} 2. b3 {[%clk 1:31:23]} c5 {[%clk
1:29:08]} 3. Bb2 {[%clk 1:31:42]} Nf6 {[%clk 1:29:00]} 4. e3 {[%clk 1:32:07]} Nc6
{[%clk 1:29:20]} 5. Bb5 {[%clk 1:32:31]} Bd7 {[%clk 1:29:31]} 6. O-O {[%clk
1:32:48]} e6 {[%clk 1:29:20]} 7. Bxc6 {[%clk 1:33:00]} Bxc6 {[%clk 1:29:34]} 8.
Ne5 {[%clk 1:33:22]} Bd6 {[%clk 1:27:07]} 9. d3 {[%clk 1:33:33]} O-O {[%clk
1:24:37]} 10. Nd2 {[%clk 1:33:53]} Nd7 {[%clk 1:17:52]} 11. Nxd7 {[%clk 1:33:32]}
Qxd7 {[%clk 1:17:35]} 12. f4 {[%clk 1:33:57]} f6 {[%clk 1:11:41]} 13. Nf3 {[%clk
1:25:08]} Qc7 {[%clk 1:07:11]} 14. d4 {[%clk 1:24:35]} Bb5 {[%clk 1:05:59]} 15.
Re1 {[%clk 1:24:39]} c4 {[%clk 1:05:26]} 16. a4 {[%clk 1:24:42]} Ba6 {[%clk
1:05:41]} 17. Ba3 {[%clk 1:22:30]} Rac8 {[%clk 1:00:00]} 18. b4 {[%clk 1:21:23]}
b6 {[%clk 1:00:03]} 19. b5 {[%clk 1:21:39]} Bb7 {[%clk 1:00:06]} 20. Bxd6 {[%clk
1:21:42]} Qxd6 {[%clk 0:59:59]} 21. c3 {[%clk 1:21:53]} Ra8 {[%clk 0:55:00]} 22.
Re2 {[%clk 1:20:22]} a5 {[%clk 0:54:29]} 23. Nd2 {[%clk 1:19:22]} f5 {[%clk
0:53:21]} 24. Nf3 {[%clk 1:19:41]} Rf6 {[%clk 0:52:54]} 25. Ne5 {[%clk 1:19:44]}
Rc8 {[%clk 0:51:03]} 26. Rf2 {[%clk 1:13:23]} Qe7 {[%clk 0:46:00]} 27. Qf3 {[%clk
1:10:03]} g6 {[%clk 0:44:28]} 28. Kf1 {[%clk 1:10:02]} Kf8 {[%clk 0:40:33]} 29.
Ke2 {[%clk 1:10:14]} Ke8 {[%clk 0:40:39]} 30. Kd2 {[%clk 1:10:35]} Kd8 {[%clk
0:39:34]} 31. Kc2 {[%clk 1:10:48]} Kc7 {[%clk 0:38:28]} 32. Kb2 {[%clk 1:11:15]}
Kb8 {[%clk 0:37:50]} 33. Rh1 {[%clk 1:08:31]} Kc7 {[%clk 0:34:04]} 34. g3 {[%clk
1:06:47]} Rg8 {[%clk 0:32:49]} 35. h3 {[%clk 1:06:36]} Ba8 {[%clk 0:32:37]} 36.
Rfh2 {[%clk 1:05:51]} Rff8 {[%clk 0:27:59]} 37. Qf2 {[%clk 1:05:58]} Rg7 {[%clk
0:26:22]} 38. g4 {[%clk 1:05:49]} h6 {[%clk 0:23:38]} 39. Rg1 {[%clk 1:03:31]}
Rfg8 {[%clk 0:21:12]} 40. Rhg2 {[%clk 1:03:33]} Bb7 {[%clk 0:19:39]} 41. Qg3
{[%clk 0:54:16]} Bc8 {[%clk 0:13:28]} 42. gxf5 {[%clk 0:52:56]} exf5 {[%clk
0:13:21]} 43. Qf3 {[%clk 0:51:22]} Qe6 {[%clk 0:13:00]} 44. h4 {[%clk 0:51:10]}
h5 {[%clk 0:10:40]} 45. Rg5 {[%clk 0:45:58]} Bd7 {[%clk 0:09:49]} 46. R1g3 {[%clk
0:45:28]} Be8 {[%clk 0:07:18]} 47. Qg2 {[%clk 0:45:20]} Kd6 {[%clk 0:06:23]} 48.
Rxh5 {[%clk 0:44:33]} gxh5 {[%clk 0:06:03]} 49. Rxg7 {[%clk 0:44:54]} Rxg7 {[%clk
0:04:13]} 50. Qxg7 {[%clk 0:45:16]} Qe7 {[%clk 0:03:17]} 51. Qg5 {[%clk 0:42:08]}
Qxg5 {[%clk 0:02:38]} 52. fxg5 {[%clk 0:42:06]} Ke6 {[%clk 0:02:24]} 53. Kc2
{[%clk 0:41:54]} f4 {[%clk 0:01:22]} 54. exf4 {[%clk 0:42:07]} Kf5 {[%clk
0:01:45]} 55. Kd2 {[%clk 0:42:06]} Bg6 {[%clk 0:01:22]} 56. Ke3 {[%clk 0:41:38]}
Bh7 {[%clk 0:01:20]} 57. Nd7 {[%clk 0:41:27]} Bg6 1-0

[Event "U12 Polish Youth Championship"]
[Site "chess24.com"]
[Date "2018.05.05"]
[Round "9"]
[White "Iwaszkiewicz, Grzegorz"]
[Black "Kycia, Marek"]
[Result "1-0"]
[Board "21"]
[WhiteElo "1411"]
[WhiteCountry "POL"]
[WhiteFideId "21810214"]
[WhiteEloChange "11"]
[BlackElo "1460"]
[BlackCountry "POL"]
[BlackFideId "21863580"]
[BlackEloChange "-11"]

1. d4 {[%clk 1:30:59]} f5 {[%clk 1:30:55]} 2. e4 {[%clk 1:31:22]} fxe4 {[%clk
1:31:12]} 3. Nc3 {[%clk 1:31:42]} Nf6 {[%clk 1:30:56]} 4. Bg5 {[%clk 1:31:39]} g6
{[%clk 1:28:54]} 5. f3 {[%clk 1:30:56]} exf3 {[%clk 1:25:15]} 6. Nxf3 {[%clk
1:30:54]} Bg7 {[%clk 1:25:02]} 7. Bc4 {[%clk 1:30:07]} c6 {[%clk 1:23:54]} 8. d5
{[%clk 1:01:55]} cxd5 {[%clk 1:18:58]} 9. Nxd5 {[%clk 0:59:33]} Nc6 {[%clk
1:08:02]} 10. Bxf6 {[%clk 0:45:02]} exf6 {[%clk 1:05:24]} 11. O-O {[%clk
0:44:31]} O-O {[%clk 0:46:22]} 12. Nc7+ {[%clk 0:43:30]} Kh8 {[%clk 0:45:19]} 13.
Nxa8 {[%clk 0:43:51]} b6 {[%clk 0:42:06]} 14. Qd6 {[%clk 0:42:09]} Bb7 {[%clk
0:38:23]} 15. Nc7 {[%clk 0:42:28]} 1-0

[Event "U12 Polish Youth Championship"]
[Site "chess24.com"]
[Date "2018.05.05"]
[Round "9"]
[White "Zalega, Maciej"]
[Black "Jarocki, Gabriel"]
[Result "0-1"]
[Board "22"]
[WhiteElo "1309"]
[WhiteCountry "POL"]
[WhiteFideId "21858284"]
[WhiteEloChange "-7"]
[BlackElo "1427"]
[BlackCountry "POL"]
[BlackFideId "21852871"]
[BlackEloChange "7"]

1. e4 {[%clk 1:30:58]} c6 {[%clk 1:30:52]} 2. d4 {[%clk 1:31:01]} d5 {[%clk
1:31:13]} 3. e5 {[%clk 1:31:27]} Bf5 {[%clk 1:31:38]} 4. h4 {[%clk 1:31:10]} h5
{[%clk 1:31:56]} 5. Bd3 {[%clk 1:31:37]} Bxd3 {[%clk 1:32:14]} 6. Qxd3 {[%clk
1:32:04]} e6 {[%clk 1:32:29]} 7. Bg5 {[%clk 1:32:30]} Be7 {[%clk 1:32:46]} 8. Nf3
{[%clk 1:32:33]} Nd7 {[%clk 1:31:45]} 9. Nc3 {[%clk 1:30:24]} Qb6 {[%clk
1:31:36]} 10. O-O {[%clk 1:26:42]} Nf8 {[%clk 1:25:33]} 11. a4 {[%clk 1:23:18]}
Nh7 {[%clk 1:25:13]} 12. Bxe7 {[%clk 1:21:58]} Nxe7 {[%clk 1:25:35]} 13. a5
{[%clk 1:21:49]} Qc7 {[%clk 1:25:51]} 14. b4 {[%clk 1:17:56]} a6 {[%clk 1:25:03]}
15. Na4 {[%clk 1:16:34]} O-O {[%clk 1:23:00]} 16. Rfd1 {[%clk 1:02:36]} Kh8
{[%clk 1:17:56]} 17. Rd2 {[%clk 1:01:21]} g6 {[%clk 1:17:42]} 18. Rad1 {[%clk
0:58:14]} Rg8 {[%clk 1:16:49]} 19. c4 {[%clk 0:55:41]} Rg7 {[%clk 1:15:55]} 20.
Nb6 {[%clk 0:50:12]} Rag8 {[%clk 1:15:04]} 21. Ng5 {[%clk 0:49:46]} Rd8 {[%clk
1:13:15]} 22. Qf3 {[%clk 0:49:21]} Kg8 {[%clk 1:09:18]} 23. Nxh7 {[%clk 0:44:32]}
Kxh7 {[%clk 1:09:30]} 24. c5 {[%clk 0:43:32]} Rdg8 {[%clk 1:09:11]} 25. Qf6
{[%clk 0:29:33]} g5 {[%clk 0:58:19]} 26. Qf3 {[%clk 0:27:17]} Kh8 {[%clk
0:45:52]} 27. hxg5 {[%clk 0:17:12]} Rxg5 {[%clk 0:35:17]} 28. g3 {[%clk 0:07:47]}
Nf5 {[%clk 0:33:58]} 29. Qh1 {[%clk 0:04:49]} h4 {[%clk 0:31:36]} 30. Rd3 {[%clk
0:03:08]} Kg7 {[%clk 0:30:39]} 31. Kf1 {[%clk 0:01:49]} hxg3 {[%clk 0:30:36]} 32.
fxg3 {[%clk 0:02:02]} Nxg3+ {[%clk 0:30:20]} 33. Rxg3 {[%clk 0:02:31]} Rxg3
{[%clk 0:30:42]} 34. Qh4 {[%clk 0:02:44]} Kf8 {[%clk 0:30:31]} 35. Qh6+ {[%clk
0:02:56]} Ke8 {[%clk 0:30:09]} 36. Qf6 {[%clk 0:02:03]} R3g6 {[%clk 0:29:29]} 37.
Qh4 {[%clk 0:01:50]} Rg1+ {[%clk 0:29:28]} 38. Ke2 {[%clk 0:02:15]} R8g2+ {[%clk
0:29:20]} 39. Kf3 {[%clk 0:02:16]} Rg3+ {[%clk 0:28:15]} 40. Kf2 {[%clk 0:02:02]}
R1g2+ {[%clk 0:28:30]} 41. Kf1 {[%clk 0:02:11]} Qe7 {[%clk 0:27:33]} 42. Qh7
{[%clk 0:01:09]} Rg7 {[%clk 0:26:04]} 43. Qh8+ {[%clk 0:01:08]} Rg8 {[%clk
0:26:20]} 44. Qh7 {[%clk 0:01:25]} Qg5 {[%clk 0:25:09]} 45. Rd2 {[%clk 0:00:33]}
Qf4+ {[%clk 0:25:29]} 46. Ke1 {[%clk 0:00:54]} Qxd2+ {[%clk 0:25:52]} 47. Kf1
{[%clk 0:01:18]} Qf2# {[%clk 0:26:13]} 0-1

[Event "U12 Polish Youth Championship"]
[Site "chess24.com"]
[Date "2018.05.05"]
[Round "9"]
[White "Owczarzak, Maciej"]
[Black "Grzadka, Artur"]
[Result "0-1"]
[Board "23"]
[WhiteElo "1402"]
[WhiteCountry "POL"]
[WhiteFideId "21861048"]
[WhiteEloChange "-14"]
[BlackElo "1269"]
[BlackCountry "POL"]
[BlackFideId "21836736"]
[BlackEloChange "14"]

1. e4 {[%clk 1:30:57]} c5 {[%clk 1:30:55]} 2. Nf3 {[%clk 1:31:23]} e6 {[%clk
1:31:20]} 3. d4 {[%clk 1:31:49]} cxd4 {[%clk 1:31:47]} 4. Nxd4 {[%clk 1:32:13]}
a6 {[%clk 1:32:13]} 5. Bd3 {[%clk 1:32:19]} Qc7 {[%clk 1:32:34]} 6. c4 {[%clk
1:32:21]} Nf6 {[%clk 1:32:51]} 7. O-O {[%clk 1:32:19]} Be7 {[%clk 1:33:15]} 8.
Nc3 {[%clk 1:31:49]} O-O {[%clk 1:33:13]} 9. Be3 {[%clk 1:31:01]} Bc5 {[%clk
1:31:52]} 10. Nc2 {[%clk 1:29:54]} Bxe3 {[%clk 1:30:53]} 11. Nxe3 {[%clk
1:27:57]} d6 {[%clk 1:30:36]} 12. g4 {[%clk 1:24:44]} h6 {[%clk 1:29:36]} 13. f4
{[%clk 1:21:30]} Qb6 {[%clk 1:28:49]} 14. Re1 {[%clk 1:20:31]} Qxb2 {[%clk
1:27:11]} 15. Na4 {[%clk 1:20:20]} Qd4 {[%clk 1:26:06]} 16. Bc2 {[%clk 1:11:30]}
e5 {[%clk 1:19:57]} 17. Qxd4 {[%clk 1:05:19]} exd4 {[%clk 1:19:14]} 18. Nd5
{[%clk 1:04:57]} Nxd5 {[%clk 1:18:26]} 19. exd5 {[%clk 1:01:28]} Bxg4 {[%clk
1:18:01]} 20. f5 {[%clk 1:00:31]} Nd7 {[%clk 1:16:22]} 21. Rab1 {[%clk 0:52:17]}
Ne5 {[%clk 1:13:45]} 22. Be4 {[%clk 0:45:41]} d3 {[%clk 1:06:35]} 23. Nb2 {[%clk
0:44:32]} Be2 {[%clk 1:03:45]} 24. h3 {[%clk 0:38:19]} b5 {[%clk 1:00:55]} 25.
cxb5 {[%clk 0:36:47]} axb5 {[%clk 1:00:58]} 26. Ra1 {[%clk 0:37:06]} Rfc8 {[%clk
1:00:57]} 27. Kf2 {[%clk 0:34:22]} Rc2 {[%clk 0:59:40]} 28. Reb1 {[%clk 0:34:01]}
Bf3+ {[%clk 0:56:37]} 29. Ke3 {[%clk 0:34:24]} Re2+ {[%clk 0:56:45]} 0-1